[Event "Kiel op 31st"]
[Site "Kiel"]
[Date "2018.07.31"]
[Round "6"]
[White "Basey, Matthew"]
[Black "Schwerdt, Alwin Elias"]
[Result "1-0"]
[WhiteElo "1889"]
[BlackElo "1672"]
[PlyCount "83"]
[EventDate "2018.07.28"]
[EventType "swiss"]
[EventRounds "9"]
[EventCountry "GER"]
[SourceTitle "CBM 185 Extra"]
[Source "ChessBase"]
[SourceDate "2018.07.29"]
[SourceVersion "1"]
[SourceVersionDate "2018.07.29"]
[SourceQuality "1"]

1. d4 d5 2. Bf4 Nf6 3. e3 g6 4. Nc3 c6 5. Be2 Bg7 6. h4 h5 7. Nf3 Bg4 8. Ne5 Bxe2 9. Qxe2 Nfd7 10. 0-0-0 Nxe5 11. dxe5 e6 12. Ne4 Qc7 13. Nd6+ Kf8 14. Rh3 Nd7 15. Rf3 f5 16. exf6 Bxf6 17. Ne4 e5 18. Nxf6 exf4 19. Nxd7+ Qxd7 20. Rxf4+ Kg7 21. e4 Qc7 22. Qf3 Rhf8 23. Qc3+ Kh7 24. Rxf8 Rxf8 25. exd5 Rxf2 26. d6 Qd7 27. Qh3 Qxh3 28. gxh3 Rf8 29. c4 Rd8 30. c5 Kg7 31. Rf1 Re8 32. b4 Rd8 33. Kc2 Re8 34. Kc3 Re3+ 35. Kd4 Re8 36. Rf3 Rd8 37. a4 Re8 38. b5 Rd8 39. Re3 Rd7 40. Re6 Kf7 41. Ke5 a5 42. b6 1-0

[Event "Kiel op 31st"]
[Site "Kiel"]
[Date "2018.07.29"]
[Round "4"]
[White "Werner, Rene"]
[Black "Schwerdt, Alwin Elias"]
[Result "1/2-1/2"]
[WhiteElo "1856"]
[BlackElo "1672"]
[PlyCount "103"]
[EventDate "2018.07.28"]
[EventType "swiss"]
[EventRounds "9"]
[EventCountry "GER"]
[SourceTitle "CBM 185 Extra"]
[Source "ChessBase"]
[SourceDate "2018.07.29"]
[SourceVersion "1"]
[SourceVersionDate "2018.07.29"]
[SourceQuality "1"]

1. c4 c5 2. g3 g6 3. Bg2 Bg7 4. Nf3 Nc6 5. 0-0 Nf6 6. Nc3 0-0 7. d3 d6 8. Bd2 Bg4 9. a3 Qc8 10. Re1 Rb8 11. Rb1 b6 12. b4 Re8 13. b5 Nd8 14. Ng5 Bd7 15. a4 Ne6 16. Nge4 Nxe4 17. Bxe4 f5 18. Bg2 Nc7 19. Qc1 e5 20. Bh6 Rf8 21. Bxg7 Kxg7 22. f4 Be6 23. Rf1 Qd8 24. Qb2 exf4 25. Nd5+ Kg8 26. Nxf4 Qf6 27. Qxf6 Rxf6 28. Nxe6 Rxe6 29. e4 fxe4 30. Bxe4 Rd8 31. Rbe1 Kg7 32. Bg2 Rde8 33. Rxe6 Rxe6 34. Ra1 Kf6 35. a5 d5 36. axb6 axb6 37. Ra7 dxc4 38. dxc4 Ne8 39. Rxh7 Nd6 40. Bd5 Re7 41. Rh8 Re8 42. Rh7 Re7 43. Rxe7 Kxe7 44. Kf2 Kf6 45. Kf3 Ke5 46. Ke3 Nxb5 47. Bf7 Nd6 48. Bxg6 Nxc4+ 49. Kd3 Nd6 50. h4 Kf6 51. h5 Kg5 52. g4 1/2-1/2

[Event "Kiel op-B 29th"]
[Site "Kiel"]
[Date "2016.08.03"]
[Round "7"]
[White "Schwerdt, Alwin Elias"]
[Black "Kathage, Holger"]
[Result "1-0"]
[WhiteElo "1454"]
[BlackElo "1740"]
[PlyCount "53"]
[EventDate "2016.07.30"]
[EventType "swiss"]
[EventRounds "9"]
[EventCountry "GER"]
[SourceTitle "EXT 2017"]
[Source "ChessBase"]
[SourceDate "2016.10.25"]
[SourceVersion "1"]
[SourceVersionDate "2016.10.25"]
[SourceQuality "1"]

1. e4 c5 2. Nf3 d6 3. d4 cxd4 4. Nxd4 Nf6 5. Nc3 a6 6. a4 b6 7. Bc4 Bb7 8. f3 Qc7 9. Bb3 g6 10. Be3 Bg7 11. 0-0 0-0 12. Nde2 Nbd7 13. Rb1 Rab8 14. Qd2 Rfd8 15. Rfd1 Ne5 16. Nf4 e6 17. Bxe6 d5 18. Bxd5 Bf8 19. Qf2 Bxd5 20. Ncxd5 Nxd5 21. Nxd5 Rxd5 22. exd5 Nc4 23. Bd4 Rd8 24. b3 Na3 25. Bxb6 Qc3 26. Rbc1 Rc8 27. d6 1-0

[Event "GER-chT U10"]
[Site "Magdeburg"]
[Date "2012.12.28"]
[Round "5.1"]
[White "Jaeger, Gustav"]
[Black "Schwerdt, Alwin Elias"]
[Result "1-0"]
[WhiteElo "1065"]
[BlackElo "955"]
[PlyCount "61"]
[EventDate "2012.12.27"]
[EventType "team-swiss"]
[EventRounds "7"]
[EventCountry "GER"]
[SourceTitle "EXT 2014"]
[Source "ChessBase"]
[SourceDate "2013.11.20"]
[SourceVersion "1"]
[SourceVersionDate "2013.11.20"]
[SourceQuality "1"]
[WhiteTeam "Magdeburg USC"]
[BlackTeam "Luebeck"]
[WhiteTeamCountry "GER"]
[BlackTeamCountry "GER"]

1. e4 e5 2. Nf3 Nc6 3. Bc4 Bc5 4. d3 d6 5. h3 h6 6. Be3 Bxe3 7. fxe3 f5 8. exf5 Bxf5 9. e4 Bd7 10. 0-0 Nf6 11. Nc3 Qe7 12. Nh4 Rh7 13. Ng6 Qd8 14. Bg8 Rh8 15. Nxh8 Nxg8 16. Ng6 Nf6 17. Nd5 Be6 18. Nxf6+ gxf6 19. Qf3 Kf7 20. Qh5 Kg7 21. Rf3 Bf7 22. Rg3 Qe8 23. Nxe5+ Kf8 24. Nxf7 Ne5 25. Qxh6+ Kxf7 26. Qh5+ Ke7 27. Rg7+ Nf7 28. Rf1 Qf8 29. Qg6 Qh8 30. Qxf7+ Kd8 31. Qd7# 1-0

[Event "GER-chT U10"]
[Site "Magdeburg"]
[Date "2012.12.28"]
[Round "4.1"]
[White "Schwerdt, Alwin Elias"]
[Black "Schulze, Lara"]
[Result "0-1"]
[WhiteElo "955"]
[BlackElo "1411"]
[PlyCount "58"]
[EventDate "2012.12.27"]
[EventType "team-swiss"]
[EventRounds "7"]
[EventCountry "GER"]
[SourceTitle "EXT 2014"]
[Source "ChessBase"]
[SourceDate "2013.11.20"]
[SourceVersion "1"]
[SourceVersionDate "2013.11.20"]
[SourceQuality "1"]
[WhiteTeam "Luebeck"]
[BlackTeam "Lehrte"]
[WhiteTeamCountry "GER"]
[BlackTeamCountry "GER"]

1. e4 e6 2. d4 d5 3. e5 c5 4. Nf3 Nc6 5. Bb5 Qb6 6. Bxc6+ bxc6 7. Nc3 cxd4 8. Nxd4 Bc5 9. Nce2 Ne7 10. c3 Ng6 11. f4 Ba6 12. Qc2 Ne7 13. Rf1 Bxd4 14. cxd4 Nf5 15. Rf2 Bxe2 16. Rxe2 Nxd4 17. Qc3 Nxe2 18. Kxe2 Qb5+ 19. Kd1 Qf1+ 20. Kc2 Qxg2+ 21. Kb1 Qe4+ 22. Qc2 Qxc2+ 23. Kxc2 Rb8 24. Be3 Rb7 25. Rc1 Kd7 26. b3 f6 27. exf6 gxf6 28. Bd4 Rf8 29. Bc5 Rg8 0-1